000 00545nam a2200205Ia 4500
005 20250508164532.0
008 008 250505s9999 xx 000 0 hin d
037 _aTextual
040 _aFEDL
_beng
_cFEDL
041 _ahin
_2eng
084 _a954, AYO
_qFEDL
100 _aAyodhaya Singh
_9778369
245 0 _aBharat ka muktisangram
260 _aDelhi, India
_bGranth Shilpi
_c2005
300 _a696p.
365 _aINR
_b250
650 _aHistory - India
_9751814
942 _cTEXL
_h954, AYO
999 _c1389654
_d1389654